| 000 | 00418nam a2200169Ia 4500 | ||
|---|---|---|---|
| 008 | 131103s9999 xx 000 0 und d | ||
| 040 | _aLoreto College | ||
| 041 | _aEnglish | ||
| 082 |
_aF/SHU _bLCLIB/ |
||
| 100 | _aShute,Nevil | ||
| 245 |
_aIn the wet _cNevil Shute |
||
| 260 |
_aLondon _bWilliam Heinnemann _c1956 |
||
| 300 |
_a353p _c 18cm |
||
| 650 | _aEnglish Fiction | ||
| 850 | _aLCLIB/F/SHU | ||
| 942 | _cBK | ||
| 999 |
_c18826 _d69305 |
||